| 000 | 01835nam a22003973i 4500 | ||
|---|---|---|---|
| 001 | EBC7247228 | ||
| 003 | MiAaPQ | ||
| 005 | 20250509113414.0 | ||
| 007 | cr cnu|||||||| | ||
| 008 | 250509s2023 xx o ||||0 eng d | ||
| 020 |
_a9781805260813 _q(electronic bk.) |
||
| 020 | _z9781787389328 | ||
| 040 |
_aMiAaPQ _beng _cMiAaPQ |
||
| 100 | 1 |
_aKundnani, Hans. _966322 |
|
| 245 | 1 | 0 |
_aEurowhiteness : _bCulture, Empire and Race in the European Project. |
| 250 | _a1st ed. | ||
| 264 | 1 |
_aLa Vergne : _bC. Hurst and Company (Publishers) Limited, _c2023. |
|
| 264 | 4 | _c©2023. | |
| 300 | _a1 online resource (260 pages) | ||
| 336 |
_aText _btxt _2rdacontent |
||
| 337 |
_aComputermedien _bc _2rdamedia |
||
| 338 |
_aOnline Resource _bcr _2rdacarrier |
||
| 500 | _aE-Book-ProQuest / Fernzugriff nach Registrierung möglich | ||
| 505 | 0 | _aCover -- Half title -- Title -- Copyright -- Contents -- Acknowledgements -- Introduction -- 1. European Regionalism -- 2. Ideas of Europe -- 3. From Colonial Project to Community of Memory -- 4. A New Civilising Mission -- 5. The Civilisational Turn in the European Project -- 6. Brexit and Imperial Amnesia -- Notes -- Index -- Back Cover. | |
| 520 | _aA revelatory account of the EU as a project driven by racialized thinking. | ||
| 653 | _aEuropean Union countries-Race relations. | ||
| 653 | _aWhite people-Race identity-Europe. | ||
| 653 | _aWhite people-Race identity. | ||
| 655 |
_aFernzugriff _9230 |
||
| 655 | 4 | _aElectronic books. | |
| 776 | 0 | 8 |
_iPrint version: _aKundnani, Hans _tEurowhiteness _dLa Vergne : C. Hurst and Company (Publishers) Limited,c2023 _z9781787389328 |
| 856 | 4 | 0 |
_uhttps://ebookcentral.proquest.com/lib/maxweberstiftung-ebooks/detail.action?docID=7247228 _zVolltext |
| 942 | _cEB | ||
| 999 |
_c72448 _d72448 |
||